| 000 | 00860nam a22002417a 4500 | ||
|---|---|---|---|
| 999 |
_c7757 _d7757 |
||
| 003 | AR-CdUCM | ||
| 008 | 190321b ||||| |||| 00| 0 spa d | ||
| 020 | _a968-29-0979-1 | ||
| 040 |
_aMUNICIPALIDAD PROVINCIAL DEL CUSCO _cBIBLIOTECA MUNICIPAL DEL CUSCO |
||
| 082 |
_a655.1 / _bF39 |
||
| 100 |
_aFernandez Serna, Gabino _921915 |
||
| 245 |
_aLa Evolución del Libro : _bBrevario Historico / |
||
| 260 |
_aMexico : _bInstituto politecnico nacional, _c1986. |
||
| 300 |
_a156 paginas ; _bIlustraciones, Graficos, _c23 cm. |
||
| 505 | _aContenido: los comienzos del libro -- el libro de la edad media -- renacimiento -- Siglo XVII --siglo XVIII... | ||
| 650 |
_aLibro _921916 |
||
| 650 |
_aRenacimiento _95449 |
||
| 650 |
_aSiglo XVII _92242 |
||
| 650 |
_aPerspectivas _921917 |
||
| 700 |
_aVite Bonilla, Omar _921918 |
||
| 942 |
_2ddc _cLIBROS |
||
| 945 | _apjha | ||